| 000 | 01190nam0a22003011 4500 | ||
|---|---|---|---|
| 001 | rc\4894546 | ||
| 005 | 20130426152220.5 | ||
| 021 |
_aRU _b[61-38598] |
||
| 035 | _a(NLR Aleph) 008924792 | ||
| 090 |
_a8847009 _c8847009 |
||
| 100 | _a20130426d1961 |||y0rusy50 ca | ||
| 101 | 0 | _arus | |
| 102 | _aRU | ||
| 105 | _ay z ||||| | ||
| 200 | 1 | _aБригадир колхоза имени Крупской Лескенского района Мурат Кокоев | |
| 210 |
_aНальчик _c[Кабард.-Балкар. кн. изд-во] _d1961 |
||
| 215 |
_a15 с. _d15 |
||
| 225 | 1 | _aНаши маяки | |
| 300 | _aАвт. указан в конце текста | ||
| 606 |
_aТракторно-полеводческие бригады _yКабардино-Балкарская АССР _2psbo |
||
| 606 |
_aНоваторы и передовики сельского хозяйства _yКабардино-Балкарская АССР _2psbo |
||
| 700 | 1 |
_aЯковлев _bП. П. _gПетр Павлович |
|
| 702 | 1 |
_aКокоев _bМ. _gМурат _4570 |
|
| 801 | 0 |
_aRU _bNLR _gpsbo |
|
| 801 | 1 |
_aRU _bELAR _2rusmarc |
|
| 852 |
_aNLR _j61-1/570 |
||
| 942 | _cBOOK | ||
| 980 | _aNB | ||